000 00698nam a2200193Ia 4500
003 GCL
008 140319s9999 xx 000 0 ara d
040 _aGCL /
_cGCL
082 0 4 _a921.1
_bع م
100 1 _aعلى عبدالفتاح المغربى
245 1 0 _aالمفكر الاسلامى المعاصر مصطفى عبدالرازق /
_cعلى عبدالفتاح المغربى
300 _a226 ص
490 _aالهيئة العامة للاستعلامات
_v0
650 0 4 _aالفلسفة الاسلامية
650 0 4 _aالفلاسفة المسلمون
650 0 4 _aمصطفى عبدالرازق
650 0 4 _aالفلسفة الاسلامية - تراجم
942 _2ddc
_cBK
999 _c48717
_d48717